000 00445nam a2200193Ia 4500
005 20240823041350.0
008 240823s9999||||xx |||||||||||||| ||und||
020 _a978-81-237-5410-
041 _aENGLISH
082 _A321 Q0
100 _aKuldeep Mathur
245 0 _aFrom Government to Governance
250 _a1st
260 _c2010
_bNational Book
500 _aYES
650 _aGeneral
_bGeneral
942 _cBK
999 _c205331
_d205331